Представление документа в формате MARC21

ПолеНазваниеЗначение
  Тип записи a
  Библиографический уровень m
001 Контрольный номер RU\infra-m\znanium\bibl\2226162
005 Дата корректировки 20260429142238.7
008 Кодируемые данные 260128s2025 RU g rus u
020 Индекс ISBN __
a ISBN 978-5-16-019448-6
020 Индекс ISBN __
a ISBN 978-5-16-105978-4 (электр. издание)
040 Источник каталогиз. __
a Служба первич. каталог. Общество с ограниченной ответственностью «ЗНАНИУМ»
041 Код языка издания __
a Код языка текста rus
044 Код страны публикации __
a Код страны публикации RU
080 Индекс УДК __
a Индекс УДК 159.9(075.8)
084 Индекс другой классификации/Индекс ББК __
2 Источник индекса rubbk
a Индекс другой классификации/Индекс ББК 88я73
084 Индекс другой классификации/Индекс ББК __
2 Источник индекса okso
a Индекс другой классификации/Индекс ББК 37.03.01
084 Индекс другой классификации/Индекс ББК __
2 Источник индекса okso
a Индекс другой классификации/Индекс ББК 37.03.02
084 Индекс другой классификации/Индекс ББК __
2 Источник индекса okso
a Индекс другой классификации/Индекс ББК 37.04.01
084 Индекс другой классификации/Индекс ББК __
2 Источник индекса okso
a Индекс другой классификации/Индекс ББК 37.04.02
084 Индекс другой классификации/Индекс ББК __
2 Источник индекса okso
a Индекс другой классификации/Индекс ББК 37.05.01
084 Индекс другой классификации/Индекс ББК __
2 Источник индекса okso
a Индекс другой классификации/Индекс ББК 37.05.02
245 Заглавие __
a Заглавие Этническая психология
b Продолж. заглавия Учебник
c Ответственность Южный федеральный университет; Донской государственный технический университет
250 Сведения об издании __
a Основные сведения об издании 1
260 Выходные данные __
a Место издания Москва
b Издательство ООО "Научно-издательский центр ИНФРА-М"
c Дата издания 2026
300 Физическое описание __
a Объем 317 с.
440 Серия __
a Серия Высшее образование
520 Аннотация __
a Аннотация Учебник раскрывает актуальные темы этнопсихологии и ключевые подходы к изучению этнопсихологических феноменов. В книге рассмотрен исторический путь становления этнопсихологии анализируются статус научных направлений методология и категориально-понятийный аппарат этнопсихологической науки изложены результаты эмпирических исследований менталитетов различных народов. Также в учебнике отражены современные взгляды на проблемы этносов национальностей этнической идентичности этнической ментальности образа мира. Представлены новые взгляды на проблемы межкультурного общения этнических конфликтов. Материалы практических заданий и упражнений приводимые в учебнике позволят расширить представления студентов о специфике проведения этнопсихологических исследований. Соответствует требованиям Федерального государственного образовательного стандарта высшего образования последнего поколения. Для студентов обучающихся по направлениям подготовки высшего образования 37.03.01 «Психология» 37.04.01 «Психология» 37.03.02 «Конфликтология» преподавателей психологических факультетов а также всех интересующихся этнической психологией.
521 Примеч. о цел. назн. __
a Примеч. о целев. назн. ВО - Бакалавриат
650 Тематические рубрики __
a Основная рубрика Психология
x Основная подрубрика Этнопсихология
655 Указ. предметных рубрик (устаревшее) __
a Жанр/ форма (устаревшее) Учебник
700 Другие авторы __
a Другие авторы Ермаков П.Н.
q Полное имя Ермаков Павел Николаевич
u Дополнение Южный федеральный университет
700 Другие авторы __
a Другие авторы Пищик В.И.
q Полное имя Пищик Влада Игоревна
u Дополнение Донской государственный технический университет
856 Электронный адрес документа 4_
a Имя сервера/домена znanium.ru
m Помощь ebs_support@infra-m.ru
n Местонахождение сервера НИЦ ИНФРА-М
u URL https://znanium.ru/catalog/document?id=473028
856 Электронный адрес документа 48
a Имя сервера/домена znanium.ru
d Путь /cover/2226
f Электронное имя 2226162.jpg
q Тип электронного формата image/jpeg
u URL https://znanium.ru/cover/2226/2226162.jpg
911 __
u 0030=https://znanium.ru/catalog/document?id=473028
911 __
u 712a=Донской государственный технический университет